[Event "Let's Play Chess!"]
[Site "http://www.queenalice.com/game.php?id=111301"]
[Date "2006.9.29"]
[Round "-"]
[White "Klick"]
[Black "CampbellMarcel"]
[Result "1-0"]
[WhiteElo "1663"]
[BlackElo "1675"]

1. d4 Nf6 2. c4 d5 3. cxd5 Qxd5 4. Nc3 Qa5 5. Qd3 e6 6. e4 Bb4 7. Bd2 O-O 8. Nf3
c5 9. Rd1 Nc6 10. a3 Bxc3 11. Bxc3 Qb6 12. dxc5 Qxc5 13. b4 Qh5 14. Be2 e5 15.
b5 Ne7 16. Nxe5 Bg4 17. Nxg4 Nxg4 18. h3 Nxf2 19. Kxf2 Qh4+ 20. g3 Qh6 21. Qe3
Qe6 22. Qd4 f6 23. Bc4 Rad8 24. Bxe6+ 1-0

[Event "Let's Play Chess!"]
[Site "http://www.queenalice.com/game.php?id=111302"]
[Date "2006.9.29"]
[Round "-"]
[White "CampbellMarcel"]
[Black "Klick"]
[Result "0-1"]
[WhiteElo "1632"]
[BlackElo "1602"]

1. e4 c5 2. Bc4 Nc6 3. Nf3 g6 4. O-O Bg7 5. c3 e6 6. Na3 Nge7 7. d4 cxd4 8. Nxd4
d5 9. exd5 exd5 10. Nxc6 bxc6 11. Be2 O-O 12. Bf4 Qb6 13. Qb3 Bf5 14. Bd6 Rfe8
15. c4 Rad8 16. Bxe7 Rxe7 17. Bd3 Qxb3 18. axb3 Bxd3 19. Rfc1 Bxb2 20. Rd1 Bxa1
21. Rxa1 Rde8 22. h3 Re1+ 23. Rxe1 Rxe1+ 24. Kh2 Ra1 0-1

[Event "Let's Play Chess!"]
[Site "http://www.queenalice.com/game.php?id=111317"]
[Date "2006.9.29"]
[Round "-"]
[White "Klick"]
[Black "PGeon"]
[Result "1-0"]
[WhiteElo "1744"]
[BlackElo "1582"]

1. d4 d5 2. c4 dxc4 3. Nf3 e6 4. e4 g6 5. Bxc4 Qd6 6. O-O b6 7. Qa4+ Bd7 8. Qc2
Bg7 9. Be3 b5 10. Bb3 Nf6 11. e5 Qc6 12. exf6 Bxf6 13. Nc3 a5 14. a4 b4 15. Ne4
Be7 16. Rac1 Qb6 17. d5 exd5 18. Bxb6 dxe4 19. Ne5 cxb6 20. Nxf7 Rf8 21. Qxe4
Nc6 22. Rxc6 Rxf7 23. Bxf7+ Kxf7 24. Rc7 Rc8 25. Rxd7 1-0

[Event "Let's Play Chess!"]
[Site "http://www.queenalice.com/game.php?id=111318"]
[Date "2006.9.29"]
[Round "-"]
[White "Klick"]
[Black "PGeon"]
[Result "1-0"]
[WhiteElo "1714"]
[BlackElo "1582"]

1. c4 g6 2. d4 e6 3. e4 Nc6 4. Nf3 Bg7 5. Nc3 Nf6 6. d5 Nb4 7. Be2 O-O 8. Bg5 c5
9. e5 exd5 10. exf6 Bxf6 11. Bxf6 Qxf6 12. cxd5 Qf5 13. O-O d6 14. Rc1 a5 15.
Re1 Re8 16. a3 Na6 17. Qd2 a4 18. Bd3 Qf6 19. Rxe8+ Kg7 20. Ne4 Qf5 21. Qc3+ Kh6
22. Nxd6 Qd7 23. Qf6 Qg4 24. h3 Qh5 25. Nxf7# 1-0

[Event "Let's Play Chess!"]
[Site "http://www.queenalice.com/game.php?id=111320"]
[Date "2006.9.29"]
[Round "-"]
[White "Lublyskaya"]
[Black "Klick"]
[Result "1-0"]
[WhiteElo "2066"]
[BlackElo "1602"]

1. e4 c5 2. b4 cxb4 3. a3 d5 4. exd5 Qxd5 5. Nf3 e5 6. axb4 Bxb4 7. c3 Bc5 8. d4
exd4 9. cxd4 Bb4+ 10. Bd2 Nc6 11. Bxb4 Nxb4 12. Nc3 Qe6+ 13. Ne5 Nh6 14. Bb5+
Nc6 15. Bxc6+ bxc6 16. Qa4 O-O 17. O-O c5 18. Rfe1 cxd4 19. Nf3 1-0

[Event "Challenge"]
[Site "http://www.queenalice.com/game.php?id=114551"]
[Date "2006.10.7"]
[Round "-"]
[White "Dubone"]
[Black "Klick"]
[Result "0-1"]
[WhiteElo "1580"]
[BlackElo "1768"]

1. c4 Nf6 2. Nc3 e5 3. Nf3 Nc6 4. g3 Nd4 5. Bg2 Nxf3+ 6. Bxf3 Bb4 7. O-O O-O 8.
a3 Bxc3 9. dxc3 d6 10. e4 Be6 11. b3 a5 12. a4 Nd7 13. Be3 b6 14. Qd2 Nc5 15.
Bxc5 bxc5 16. Qe2 Rb8 17. Rab1 Qd7 18. b4 cxb4 19. cxb4 Qxa4 20. Kg2 Rxb4 21.
Ra1 Qc6 22. Rfc1 Rxc4 23. Qe1 Rxc1 24. Rxc1 Qb6 25. Qc3 a4 26. Bd1 Ra8 27. Qa3
g6 28. h4 h5 29. Bc2 d5 30. Rb1 Qc6 31. Bxa4 Qxa4 0-1

[Event "Let's Play Chess!"]
[Site "http://www.queenalice.com/game.php?id=126340"]
[Date "2006.11.7"]
[Round "-"]
[White "Klick"]
[Black "Puffer"]
[Result "1-0"]
[WhiteElo "1824"]
[BlackElo "1906"]

1. c4 e5 2. Nc3 Nf6 3. Nf3 Nc6 4. e4 Bc5 5. Nxe5 Bxf2+ 6. Kxf2 Nxe5 7. d4 Ng6 8.
Be2 d6 9. Rf1 Ng4+ 10. Kg1 Qh4 11. h3 h5 12. Nd5 Kf8 13. Nxc7 Rb8 14. Qa4 b5 15.
Nxb5 Qg3 16. Bxg4 hxg4 17. Qxa7 gxh3 18. Qxf7# 1-0

[Event "Let's Play Chess!"]
[Site "http://www.queenalice.com/game.php?id=126469"]
[Date "2006.11.7"]
[Round "-"]
[White "vindaloo"]
[Black "Klick"]
[Result "0-1"]
[WhiteElo "1827"]
[BlackElo "1787"]

1. Nf3 c5 2. g3 Nc6 3. Bg2 g6 4. O-O Bg7 5. d3 e5 6. c4 Nge7 7. Nc3 O-O 8. Ne4
d6 9. a3 h6 10. Bd2 f5 11. Nc3 g5 12. Qc1 f4 13. e4 g4 14. Nh4 f3 15. Bh1 Kh7
16. h3 Nd4 17. Qd1 Ng6 18. Nxg6 Kxg6 19. h4 Bf6 20. Be3 Bxh4 21. Bxd4 cxd4 22.
Nd5 Be6 23. Rc1 Bg5 24. Rb1 h5 25. b4 h4 26. c5 Qd7 27. cxd6 Bxd5 28. exd5 hxg3
29. fxg3 Be3+ 30. Rf2 Qh7 31. d7 Rh8 32. Bg2 Qh2+ 33. Kf1 Qh1+ 34. Bxh1 Rxh1#
0-1

[Event "Let's Play Chess!"]
[Site "http://www.queenalice.com/game.php?id=139384"]
[Date "2006.12.10"]
[Round "-"]
[White "Klick"]
[Black "CampbellMarcel"]
[Result "1-0"]
[WhiteElo "1861"]
[BlackElo "1908"]

1. c4 f5 2. g3 b6 3. Bg2 c6 4. Nf3 Nf6 5. O-O Bb7 6. Nc3 e6 7. d3 Be7 8. e4 O-O
9. e5 Ng4 10. d4 d6 11. h3 Nh6 12. Qe2 a5 13. exd6 Qxd6 14. Bf4 Qd7 15. Rfe1 Bc8
16. Rad1 g5 17. Nxg5 Bxg5 18. Bxg5 Qg7 19. Bf4 Na6 20. Bxc6 Nb4 21. Bxa8 Ba6 22.
Qxe6+ Nf7 23. Bd6 Rxa8 24. Qe8+ 1-0

[Event "Let's Play Chess!"]
[Site "http://www.queenalice.com/game.php?id=139590"]
[Date "2006.12.12"]
[Round "-"]
[White "nicou"]
[Black "Klick"]
[Result "0-1"]
[WhiteElo "1830"]
[BlackElo "1893"]

1. e4 c5 2. c3 g6 3. Nf3 Bg7 4. d4 cxd4 5. cxd4 d5 6. Nc3 dxe4 7. Nxe4 Nf6 8.
Nc3 O-O 9. Be3 Nc6 10. Be2 Qa5 11. O-O Rd8 12. Qc1 Bg4 13. Rd1 Rac8 14. h3 Bf5
15. Bh6 Bh8 0-1

[Event "Challenge"]
[Site "http://www.queenalice.com/game.php?id=151815"]
[Date "2007.1.9"]
[Round "-"]
[White "mgv"]
[Black "Klick"]
[Result "0-1"]
[WhiteElo "2020"]
[BlackElo "1915"]

1. e4 c5 2. Nf3 g6 3. d4 cxd4 4. Nxd4 Bg7 5. Be3 Nc6 6. Bc4 Nf6 7. Nc3 Qa5 8.
O-O O-O 9. f3 Qc5 10. Bb3 Ng4 11. fxg4 Bxd4 12. Bxd4 Nxd4 13. Na4 Qe5 14. Nc3 b5
15. Qd3 d6 16. h3 a5 17. Bd5 Rb8 18. Rad1 Ne6 19. Bxe6 Bxe6 20. Nd5 Bxd5 21.
exd5 Qxb2 22. Rb1 Qxa2 23. Rxb5 Rxb5 24. Qxb5 Qxc2 25. Qxa5 Rb8 26. Qa7 Rb2 27.
Qf2 Qxf2+ 28. Rxf2 Rb1+ 29. Rf1 Rxf1+ 30. Kxf1 e5 31. g5 h6 32. h4 hxg5 33. hxg5
f5 34. gxf6 Kf7 35. Kf2 Kxf6 0-1

[Event "Challenge"]
[Site "http://www.queenalice.com/game.php?id=175310"]
[Date "2007.2.28"]
[Round "-"]
[White "Klick"]
[Black "Germano"]
[Result "1-0"]
[WhiteElo "1947"]
[BlackElo "1974"]

1. c4 Nf6 2. g3 e5 3. Bg2 c6 4. d4 exd4 5. Qxd4 d5 6. cxd5 cxd5 7. Nf3 Nc6 8.
Qa4 Bc5 9. O-O O-O 10. Bg5 h6 11. Bxf6 Qxf6 12. Nc3 Be6 13. Ne1 Rfd8 14. Nd3 Bb6
15. Rac1 Rac8 16. Nf4 Qe5 17. Qa3 g5 18. Nxe6 Qxe6 19. h3 Nd4 20. e3 Rxc3 21.
bxc3 Ne2+ 22. Kh2 Nxc1 23. Rxc1 Rc8 24. Qb2 Rc5 25. Rd1 Qf5 26. Kg1 Qe5 27. Rd3
Qf5 28. Qd2 1-0

[Event "Challenge"]
[Site "http://www.queenalice.com/game.php?id=188343"]
[Date "2007.3.27"]
[Round "-"]
[White "GoodKnight"]
[Black "Klick"]
[Result "1/2-1/2"]
[WhiteElo "2235"]
[BlackElo "1972"]

1. e4 c5 2. Nf3 g6 3. c3 Bg7 4. d4 cxd4 5. cxd4 d5 6. e5 Bg4 7. Bb5+ Nc6 8.
Bxc6+ bxc6 9. Nbd2 Nh6 10. O-O O-O 11. h3 Bxf3 12. Nxf3 Qb6 13. b3 f6 14. Re1
Nf7 15. exf6 exf6 16. Qe2 Qd8 17. Qe6 Rc8 18. Bd2 Re8 19. Qxe8+ Qxe8 20. Rxe8+
Rxe8 21. Rc1 Rc8 22. Kf1 Bf8 23. Ke2 Ba3 24. Rc2 Kf8 25. Be3 Ke7 26. Kd3 Kd7 27.
g4 Rh8 28. Nh4 Re8 29. f4 Nd6 30. Nf3 Ne4 31. g5 Re6 32. Nh2 Be7 33. gxf6 Bxf6
34. b4 Re8 35. Ng4 Rb8 36. a3 Bg7 37. Ne5+ Bxe5 38. fxe5 a5 39. Bd2 g5 40. Be1
a4 41. Rg2 Rf8 42. Ke2 h5 43. Rg1 Ke6 44. Ke3 Rf5 1/2-1/2

[Event "Let's Play Chess!"]
[Site "http://www.queenalice.com/game.php?id=298714"]
[Date "2007.11.5"]
[Round "-"]
[White "JimMorrisson"]
[Black "Klick"]
[Result "0-1"]
[WhiteElo "2178"]
[BlackElo "1987"]

1. e4 c5 2. Nf3 d6 3. d4 cxd4 4. Nxd4 Nf6 5. Nc3 Nc6 6. Be2 e5 7. Nf3 h6 8. O-O
Be7 9. h3 O-O 10. Re1 Be6 11. Bf1 Qa5 12. Bd2 Qd8 13. Be3 d5 14. exd5 Nxd5 15.
Nxd5 Qxd5 16. Qc1 Rad8 17. c4 Qd7 18. a3 e4 19. Nd2 f5 20. g3 Ne5 21. Qc3 Bf6
22. Qc2 Qf7 23. Be2 Nd3 24. Bxd3 Rxd3 25. g4 Qg6 26. Nf1 fxg4 27. Ng3 gxh3 28.
Kh2 Be5 29. Rg1 Rf3 30. Bxa7 h5 31. Kh1 e3 32. Rad1 Rxf2 33. Qxd3 Bxg3 34. Rxg3
Qxg3 35. Qd8+ Kh7 0-1

[Event "Let's Play Chess!"]
[Site "http://www.queenalice.com/game.php?id=519674"]
[Date "2009.1.9"]
[Round "-"]
[White "BogusBogart"]
[Black "Klick"]
[Result "0-1"]
[WhiteElo "2141"]
[BlackElo "2044"]

1. e4 c5 2. Nc3 Nc6 3. f4 g6 4. Nf3 Bg7 5. Bb5 Nd4 6. O-O Nxb5 7. Nxb5 Nh6 8. c3
d5 9. exd5 a6 10. Na3 Qxd5 11. d3 Bf5 12. Rf2 Bxd3 13. Be3 Ng4 14. Rd2 Nxe3 15.
Rxd3 Nxd1 16. Rxd5 Nxb2 17. Rxc5 Nd3 18. Rc7 b5 0-1

[Event "Let's Play Chess!"]
[Site "http://www.queenalice.com/game.php?id=519675"]
[Date "2009.1.9"]
[Round "-"]
[White "Klick"]
[Black "BogusBogart"]
[Result "1-0"]
[WhiteElo "2018"]
[BlackElo "2141"]

1. d4 Nf6 2. c4 g6 3. Nc3 Bg7 4. e4 d6 5. Nf3 O-O 6. Be2 Bg4 7. Be3 Nc6 8. d5
Nb8 9. O-O e5 10. c5 a6 11. Qb3 Bc8 12. Nd2 Nbd7 13. Na4 Ne8 14. Rac1 f5 15.
cxd6 cxd6 16. Nb6 f4 17. Nxa8 fxe3 18. Qxe3 1-0

[Event "Let's Play Chess!"]
[Site "http://www.queenalice.com/game.php?id=910638"]
[Date "2011.3.9"]
[Round "-"]
[White "boparame"]
[Black "Klick"]
[Result "1-0"]
[WhiteElo "2259"]
[BlackElo "2068"]

1. e4 c5 2. Nf3 d6 3. d4 cxd4 4. Nxd4 Nf6 5. Nc3 Nc6 6. Be2 e5 7. Nf3 h6 8. O-O
Be7 9. h3 O-O 10. Be3 Be6 11. Nh2 d5 12. exd5 Nxd5 13. Nxd5 Bxd5 14. c3 f5 15.
f4 exf4 16. Bxf4 Qb6+ 17. Kh1 Rad8 18. Qc1 Bf6 19. Bf3 Bc4 20. Be3 Qb5 21. Rd1
Rxd1+ 22. Bxd1 1-0

[Event "Let's Play Chess!"]
[Site "http://www.queenalice.com/game.php?id=910639"]
[Date "2011.3.9"]
[Round "-"]
[White "Klick"]
[Black "boparame"]
[Result "1-0"]
[WhiteElo "2058"]
[BlackElo "2224"]

1. d4 Nf6 2. c4 e6 3. Nf3 Bb4+ 4. Nbd2 b6 5. a3 Bxd2+ 6. Bxd2 h6 7. g3 O-O 8.
Bg2 Bb7 9. O-O Be4 10. Re1 c6 11. c5 d5 12. cxd6 Nd5 13. Ne5 Bxg2 14. Kxg2 Qxd6
15. e4 Ne7 16. Bf4 Qd8 17. Rc1 g5 18. Bd2 f6 19. Ng4 Kg7 20. Bc3 Ng8 21. h4 Nd7
22. hxg5 hxg5 23. Rh1 Rc8 24. Rh3 Rf7 25. Qh1 Kf8 26. Rh8 Rg7 27. Nh6 Qe8 28.
Nxg8 Rxg8 29. Bb4+ c5 30. dxc5 bxc5 31. Qh6+ Ke7 32. Rh7+ Kd6 33. Rd1+ Kc6 34.
Rhxd7 Qxd7 35. Rxd7 Kxd7 36. Bc3 1-0